Statement and well-posedness investigation of modified mixed problems on shock waves stability in a viscous gas // Statement and well-posedness investigation of modified mixed problems on shock waves stability in a viscous gas. - Pt. 2 (Запись № 2821679)

Подробности
000 -МАРКЕР
контрольное поле 02019nam1a2200313 i 4500
001 - ИДЕНТИФИКАТОР ЗАПИСИ
контрольное поле RU\NLR\b_ik\110285
005 - ИДЕНТИФИКАТОР ВЕРСИИ
контрольное поле 20241225152645.0
035 ## - ДРУГИЕ СИСТЕМНЫЕ НОМЕРА
Идентификатор записи (NLR Aleph) 002184012
100 ## - ДАННЫЕ ОБЩЕЙ ОБРАБОТКИ
Данные общей обработки 20040406d2003 u y0rusy50 ba
101 0# - ЯЗЫК РЕСУРСА
Язык текста, звукозаписи и т.д. английский
102 ## - СТРАНА ПУБЛИКАЦИИ ИЛИ ПРОИЗВОДСТВА
Страна публикации российская федерация
105 ## - ПОЛЕ КОДИРОВАННЫХ ДАННЫХ: ТЕКСТОВЫЕ МАТЕРИАЛЫ, МОНОГРАФИЧЕСКИЕ
Кодированные данные о монографическом текстовом документе ||||z |||||
200 1# - ЗАГЛАВИЕ И СВЕДЕНИЯ ОБ ОТВЕТСТВЕННОСТИ
Основное заглавие Statement and well-posedness investigation of modified mixed problems on shock waves stability in a viscous gas
Первые сведения об ответственности A.M. Blokhin, D.L. Tkachev
210 ## - ПУБЛИКАЦИЯ, РАСПРОСТРАНЕНИЕ И ДР.
Место издания, распространения и т.д. Новосибирск
Имя издателя, распространителя и т. д. Ин-т математики им. С.Л. Соболева СО РАН
Дата издания, распространения и т.д. 2003
215 ## - ФИЗИЧЕСКАЯ ХАРАКТЕРИСТИКА
Размеры 28
225 1# - СЕРИЯ
Основное заглавие серии Препринт
Сведения об ответственности Рос. акад. наук. Сиб. отд-ние. Ин-т математики им. С.Л. Соболева
Обозначение тома ...
300 ## - ОБЩИЕ ПРИМЕЧАНИЯ
Текст примечания В вып. дан.: Постановка и исследование корректности модифицированных смешанных задач об устойчивости ударных волн в вязком газе / Блохин Александр Михайлович, Ткачев Дмитрий Леонидович
463 #1 - УРОВЕНЬ ФИЗИЧЕСКОЙ ЕДИНИЦЫ
Встроенное поле 001RU\NLR\b_ik\108125
-- 200##$aPt. 2
Идентификатор связанной записи RU\NLR\b_ik\108125
Системный номер (АБИС) связанной записи 2794390
Место публикации Б. м.
Дата публикации 2003
Физическая характеристика 16 с.
Заглавие Statement and well-posedness investigation of modified mixed problems on shock waves stability in a viscous gas. - Pt. 2
463 #0 - УРОВЕНЬ ФИЗИЧЕСКОЙ ЕДИНИЦЫ
Встроенное поле 001RU\NLR\b_ik\113856
Идентификатор связанной записи RU\NLR\b_ik\113856
Системный номер (АБИС) связанной записи 2866941
Место публикации Б. м.
Дата публикации 2002
Физическая характеристика 22 c.
Заглавие Pt. 1
517 0# - ДРУГИЕ ВАРИАНТЫ ЗАГЛАВИЯ
Вариант заглавия Постановка и исследование корректности модифицированных смешанных задач об устойчивости ударных волн в вязком газе
606 0# - НАИМЕНОВАНИЕ ТЕМЫ КАК ПРЕДМЕТ
Наименование темы Ударные волны в газах
Тематический подзаголовок Устойчивость
Системный номер авторитетной/нормативной записи 1825343
Идентификатор авторитетной/нормативной записи RU\NLR\AUTH\661117181
686 4# - ИНДЕКСЫ ДРУГИХ КЛАССИФИКАЦИЙ
Индекс В253.333.3
700 #1 - ИМЯ ЛИЦА - ПЕРВИЧНАЯ ОТВЕТСТВЕННОСТЬ
Начальный элемент ввода Blochin
Часть имени, кроме начального элемента ввода A. M.
Расширение инициалов личного имени Aleksandr Michajlovič
Код отношения Автор
701 #1 - ИМЯ ЛИЦА - АЛЬТЕРНАТИВНАЯ ОТВЕТСТВЕННОСТЬ
Начальный элемент ввода Tkačev
Часть имени, кроме начального элемента ввода D. L.
Расширение инициалов личного имени Dmitrij Leonidovič
Код отношения Автор
801 #0 - ИСТОЧНИК ЗАПИСИ
Страна российская федерация
Организация NLR
Дата составления 20040406
Правила каталогизации PSBO
852 ## - МЕСТОНАХОЖДЕНИЕ И ШИФР ХРАНЕНИЯ
Идентификатор организации NLR
Наименование фонда или коллекции (Sub-Location Identifier) Ик
Шифр хранения (Call Number) 2004-8/87
942 ## - ДОПОЛНИТЕЛЬНЫЕ ЭЛЕМЕНТЫ ЗАПИСИ (АБИС)
Тип экземпляра АБИС Книга

Нет доступных экземпляров.